| 000 | 00425 a2200157 4500 | ||
|---|---|---|---|
| 040 |
_aDLC _bDLC |
||
| 082 | _a213 | ||
| 100 | _a Imtiaz Ahmad | ||
| 245 |
_aShayad kah teray dil main utar jaaye meri baat _hImtiaz Ahmad |
||
| 260 |
_aIslamabad: _bIntercultural Forum, _c2003. |
||
| 300 |
_a150 p. ; _c21 cm. |
||
| 500 | _a Includes Index | ||
| 650 | _aIslamic propagation. | ||
| 700 | _aImtiaz Ahmad | ||
| 942 |
_cBK _k213 IMT _2ddc |
||
| 999 |
_c7013 _d7013 |
||